00343nam a2200145Ia 45000030006000000080041000060400015000471000020000622450023000822500006001052600049001113000006001605460014001660050017001800STCL150530s9999 xx 000 0 und d aSTCLcSTCL aMuttathu Varkey aSthreekal Maathram a1 bNational Bookstall; Kottayamc1967aKottayam a0 aMalayalam20220125171654.0